000 00509nam a2200169 i 4500
001 30267
003 ES-MaACL
005 20230906154150.0
007 t|
008 030124s1963 sp ||||1| spa d
100 1 _aBarraquer Bordas, L.
_925855
245 1 0 _aNeurologĂ­a fundamental... /
_cL. Barraquer Bordas ; prefacio de Raymond Garcin.
260 _aBarcelona :
_bToray,
_c1963.
300 _aXXIV, 717 p. :
_bil. ;
_c22 cm.
700 1 _aGarcin, Raymond.
_955474
852 _aES-MaACL
_jC-24814
_bR.53495
999 _c30267
_d30267